<?xml version="1.0" encoding="UTF-8"?>
<record
    xmlns:xsi="http://www.w3.org/2001/XMLSchema-instance"
    xsi:schemaLocation="http://www.loc.gov/MARC21/slim http://www.loc.gov/standards/marcxml/schema/MARC21slim.xsd"
    xmlns="http://www.loc.gov/MARC21/slim">

  <leader>00538cam a2200193ua 4500</leader>
  <controlfield tag="001">9847</controlfield>
  <controlfield tag="008">160927n        II  |||gr||||Z||||||eng</controlfield>
  <datafield tag="020" ind1=" " ind2=" ">
    <subfield code="a">1-85326-011-8</subfield>
  </datafield>
  <datafield tag="040" ind1=" " ind2=" ">
    <subfield code="a">MAIN</subfield>
  </datafield>
  <datafield tag="041" ind1=" " ind2=" ">
    <subfield code="a">English</subfield>
  </datafield>
  <datafield tag="100" ind1=" " ind2=" ">
    <subfield code="a">TWAIN, MARK.,</subfield>
    <subfield code="e">AUTHOR.</subfield>
  </datafield>
  <datafield tag="245" ind1=" " ind2=" ">
    <subfield code="a">THE ADVENTURES OF TOM SAYERS &amp;  THE ADVENTURES OF HUCKBARY FINN</subfield>
  </datafield>
  <datafield tag="250" ind1=" " ind2=" ">
    <subfield code="a">1ST.</subfield>
  </datafield>
  <datafield tag="260" ind1=" " ind2=" ">
    <subfield code="a">CANTERBURY:</subfield>
    <subfield code="b">WORDSWORTH CLASSICS.,</subfield>
    <subfield code="c">1999.</subfield>
  </datafield>
  <datafield tag="300" ind1=" " ind2=" ">
    <subfield code="a">396.:</subfield>
    <subfield code="c">19CM.</subfield>
  </datafield>
  <datafield tag="653" ind1=" " ind2=" ">
    <subfield code="a">English miscellaneous writings</subfield>
  </datafield>
  <datafield tag="700" ind1=" " ind2=" ">
    <subfield code="a">STUART HUTCHINSON,</subfield>
    <subfield code="e">INTRODUCTOR.</subfield>
  </datafield>
  <datafield tag="942" ind1=" " ind2=" ">
    <subfield code="c">BK</subfield>
  </datafield>
  <datafield tag="999" ind1=" " ind2=" ">
    <subfield code="c">9818</subfield>
    <subfield code="d">9818</subfield>
  </datafield>
  <datafield tag="952" ind1=" " ind2=" ">
    <subfield code="0">0</subfield>
    <subfield code="1">0</subfield>
    <subfield code="2">ddc</subfield>
    <subfield code="4">0</subfield>
    <subfield code="7">0</subfield>
    <subfield code="8">REFENG</subfield>
    <subfield code="a">MAIN</subfield>
    <subfield code="b">MAIN</subfield>
    <subfield code="c">ENRF#</subfield>
    <subfield code="d">2000-07-21</subfield>
    <subfield code="o">828 TWA</subfield>
    <subfield code="p">16845</subfield>
    <subfield code="r">2023-06-19 00:00:00</subfield>
    <subfield code="w">2023-06-19</subfield>
    <subfield code="y">BK</subfield>
    <subfield code="z">V</subfield>
  </datafield>
  <datafield tag="952" ind1=" " ind2=" ">
    <subfield code="0">0</subfield>
    <subfield code="1">0</subfield>
    <subfield code="2">ddc</subfield>
    <subfield code="4">0</subfield>
    <subfield code="7">0</subfield>
    <subfield code="8">TBENG</subfield>
    <subfield code="a">MAIN</subfield>
    <subfield code="b">MAIN</subfield>
    <subfield code="c">EN#</subfield>
    <subfield code="d">2024-04-02</subfield>
    <subfield code="l">0</subfield>
    <subfield code="p">16846</subfield>
    <subfield code="r">2024-04-02 05:31:39</subfield>
    <subfield code="w">2024-04-02</subfield>
    <subfield code="y">BK</subfield>
  </datafield>
</record>
